[Event "IECC TH-T email"]
[Site "IECC email"]
[Date "2001.05.25"]
[Round "?"]
[White "Baranowski, Mario"]
[Black "Viswanathan, Kartik"]
[Result "1/2-1/2"]
[WhiteElo "1800"]
[BlackElo "1986"]
[PlyCount "30"]
[EventDate "2001.??.??"]
[EventType "match (corr)"]
[EventRounds "2"]
[SourceTitle "Corr 2008"]
[Source "ChessBase"]
[SourceDate "2008.06.24"]
[SourceVersion "1"]
[SourceVersionDate "2008.06.24"]
[SourceQuality "1"]

1. e4 c5 2. c3 d6 3. d4 Nf6 4. dxc5 Nc6 5. Bc4 Nxe4 6. Bxf7+ Kxf7 7. Qh5+ g6 8. Qd5+ Kg7 9. Qxe4 Bf5 10. Qh4 Ne5 11. Qd4 Kg8 12. cxd6 Nd3+ 13. Kf1 Nxc1 14. Nd2 Nxa2 15. Qc4+ Kg7 1/2-1/2